| 000 | 004380000a22001690004500 | ||
|---|---|---|---|
| 003 | MACL | ||
| 005 | 20151231114352.0 | ||
| 008 | 151231b xxu||||| |||| 00| 0 eng d | ||
| 040 |
_aMACL _cMACL |
||
| 041 | _aEnglish | ||
| 082 | _a295/SVA | ||
| 100 |
_aSvamin, A Govindacharya _925428 |
||
| 245 | _aMazdaism in the light of Vishnuism | ||
| 260 |
_bThe G T A Press _c1913 _aMysore |
||
| 650 |
_aReligion _925429 |
||
| 942 |
_cBK _k295/SVA _2ddc |
||
| 999 |
_c37479 _d37479 |
||